| 000 | 00451cam a22001811 04500 | ||
|---|---|---|---|
| 001 | 45840 | ||
| 090 | _a45840 | ||
| 100 | _a19630501d1963 m y0pory5003 ba | ||
| 101 | 0 | _apor | |
| 102 | _aPT | ||
| 200 | 1 |
_aQuando a manhã chegar _fDick Haskins |
|
| 210 | 9 |
_aLisboa _cLivraria Ática, _d1963 |
|
| 215 |
_a273, [1] p. _d17 cm |
||
| 225 | 2 |
_aEnigma _v54 |
|
| 675 |
_a821.134.3-312.4"19/20" _vBN _zpor |
||
| 700 | 1 |
_aHaskins, _bDick, |
|
| 801 | 0 |
_aPT _bBN _gRPC |
|
| 990 | _cLIVROS | ||